Operativní management výroby
Guardado en:
| Autores principales: | , |
|---|---|
| Formato: | Libro |
| Lenguaje: | checo |
| Publicado: |
Praha :
České vysoké učení technické v Praze,
1995
|
| Etiquetas: |
Sin Etiquetas, Sea el primero en etiquetar este registro!
|
MARC
| LEADER | 00000nam a22000003a 4500 | ||
|---|---|---|---|
| 001 | stu32689 | ||
| 005 | 20150617225732.7 | ||
| 008 | 951222s1995----cs------------------cze-d | ||
| 020 | |a 80-01-01239-5 | ||
| 040 | |a STU |b slo | ||
| 041 | 0 | |a cze | |
| 044 | |a cs | ||
| 080 | |a 658.5.012.4 | ||
| 100 | 1 | |a Tomek, Gustav |4 aut | |
| 245 | 1 | |a Operativní management výroby | |
| 260 | |a Praha : |b České vysoké učení technické v Praze, |c 1995 | ||
| 300 | |a 163 s | ||
| 700 | 1 | |a Vávrová, Věra |4 aut | |
| 996 | |b 284J006384 |c J*2432-3 |l JJSK |s A |a 24 |w stu32689_0001 | ||
| 996 | |b 284J030216 |c J*91916 |l JJST |s P |a 0 |w stu32689_0002 | ||
| 996 | |b 284J030215 |c J*91915 |l JJST |s P |a 0 |w stu32689_0003 | ||
| 996 | |b 284J029005 |c J*2432-2 |l JJSK |s A |a 24 |w stu32689_0004 | ||